10 MÍ PRIMER ENCICLOPEDIA (Registro nro. 68484)

Detalles MARC
000 -LEADER
fixed length control field 00320nac a2200097zu 4500
008 - FIXED-LENGTH DATA ELEMENTS--GENERAL INFORMATION
fixed length control field 260114s1982 mx a|||br|||| 001 0 spa d
245 ## - TITLE STATEMENT
Title 10 MÍ PRIMER ENCICLOPEDIA
Remainder of title EL MUNDO MÁGICO DE LOS NIÑOS
260 ## - PUBLICATION, DISTRIBUTION, ETC.
Place of publication, distribution, etc. MÉXICO:
Name of publisher, distributor, etc. EDITORIAL DIANA
-- EDITORIAL ORIGEN
Date of publication, distribution, etc. 1982
300 ## - PHYSICAL DESCRIPTION
Extent 136 páginas;
Dimensions 26.5 X 17.8 cm
942 ## - ADDED ENTRY ELEMENTS (KOHA)
Source of classification or shelving scheme Dewey Decimal Classification
Koha item type General Infantil
Existencias
Withdrawn status Lost status Source of classification or shelving scheme Damaged status Not for loan Collection code Home library Current library Date acquired Source of acquisition Total Checkouts Full call number Date last seen Copy number Price effective from Koha item type
Material Descartado   Dewey Decimal Classification   Material No Para Préstamo General Infantil BIBLIOTECA PÚBLICA CENTRAL ESTATAL “FRANCISCO CERVANTES” BIBLIOTECA PÚBLICA CENTRAL ESTATAL “FRANCISCO CERVANTES” 01/14/2026 DONADO   IC/036/M56 01/14/2026 EJ. 1 01/14/2026 General Infantil